00482nam a2200157Ia 4500008004100000020001800041040001200059082001400071100002100085245006900106260004500175300001200220942000700232999001500239952007000254200103s9999||||xx |||||||||||||| ||und|| a9780070340411 aIMU-MPC aColumn-31 aKelly, S. Graham 0aSchaum's Outline of Theory and problems of Mechanical Vibrations bSchaum's Outline Series, Singaporec1996 aix, 352 cBK c7437d7437 0010407098465cColumn-31d2020-01-08pLBS12220r2025-03-17yBK